| 000 | 00701nam a2200181 i 4500 | ||
|---|---|---|---|
| 001 | 127140 | ||
| 003 | ES-MaACL | ||
| 005 | 20240426063033.0 | ||
| 008 | 070214s1933 sp |||| | spa d | ||
| 100 | 1 |
_aReyes, Rodolfo, _d1878-1954 _996574 |
|
| 245 | 1 | 0 |
_aCuatro discursos _b: Problemas interhispánicos ; Problemas constituyentes ; El pensamiento político de España ; Mestizaje americano / _cRodolfo Reyes. |
| 260 |
_aMadrid : _b[s.n.], _c1933 ( _fImp. Juan Pueyo) |
||
| 300 |
_a125 p. ; _c20 cm. |
||
| 650 | 4 |
_aRelaciones étnicas- _zAmérica Latina. _9170881 |
|
| 651 | 4 |
_aEspaña- _xHistoria- _y1931-1939, II República. _98283 |
|
| 852 |
_aES-MaACL _jA-1708 |
||
| 999 |
_c127140 _d127140 |
||